书目信息 |
| 题名: |
中国研究生教育评价报告
|
|
| 作者: | 邱均平 编著 | |
| 分册: | 2007~2008 | |
| 出版信息: | 北京 科学出版社 2007 |
|
| 页数: | 14,421页 | |
| 开本: | 29cm | |
| 丛书名: | ||
| 单 册: | ||
| 中图分类: | G643.0 | |
| 科图分类: | ||
| 主题词: | 研究生教育--评价--研究报告--中国--2007~2008 , 研究生教育 | |
| 电子资源: | ||
| ISBN: | 978-7-03-019743-6 | |
| 000 | 00934nam0 2200265 450 | |
| 001 | 003594798 | |
| 005 | 20080226104022.17 | |
| 010 | @a978-7-03-019743-6@dCNY49.00 | |
| 035 | @a003594798 | |
| 100 | @a20070608d2007 em y0chiy0110 ea | |
| 101 | 0 | @achi |
| 102 | @aCN@b110000 | |
| 105 | @ay z 000yy | |
| 106 | @ar | |
| 200 | 1 | @a中国研究生教育评价报告@Azhong guo yan jiu sheng jiao yu ping jia bao gao@h2007~2008@f邱均平等编著 |
| 210 | @a北京@c科学出版社@c龙门书局@d2007 | |
| 215 | @a14,421页@d29cm | |
| 304 | @a英文共同题名:An evaluation report of postgraduates education in China | |
| 330 | @a本书从8个角度全面地、系统地评价国内所有研究生培养单位及学科、专业的竞争力,并提供了详细的评价结果。 | |
| 606 | 0 | @a研究生教育@x评价@x研究报告@y中国@z2007~2008 |
| 606 | 0 | @a研究生教育 |
| 690 | @aG643.0@v4 | |
| 701 | 0 | @a邱均平@Aqiu jun ping@f(1947.11~)@4编著 |
| 801 | 0 | @aCN@bNLC@c20080226 |
| 905 | @dG643.0@e407(07-08)@f4 | |
| 中国研究生教育评价报告.2007~2008/邱均平等编著.-北京:科学出版社:龙门书局,2007 |
| 14,421页;29cm |
| ISBN 978-7-03-019743-6:CNY49.00 |
| 本书从8个角度全面地、系统地评价国内所有研究生培养单位及学科、专业的竞争力,并提供了详细的评价结果。 |
| ● |
| 相关链接 |
|
|
|
|
正题名:中国研究生教育评价报告
索取号:G643.0/407(07-08)
 
预约/预借
| 序号 | 登录号 | 条形码 | 馆藏地/架位号 | 状态 | 备注 |
| 1 | 0792959 | 207929599 | 第一样本阅览室/ [索取号:G643.0/407(07-08)] | 在馆 | |
| 2 | 0792960 | 207929606 | 第四借阅区/ [索取号:G643.0/407(07-08)] | 在馆 | |
| 3 | 0792961 | 207929615 | 第四借阅区/ [索取号:G643.0/407(07-08)] | 在馆 | |
| 4 | 0792962 | 207929624 | 第四借阅区/ [索取号:G643.0/407(07-08)] | 在馆 |